Statistiques concernant Trouve les paroles - À fleur de toi - Vitaa

Cliquez ici pour prendre le quiz!

Statistiques générales

  • Ce quiz a été pris 71 fois
  • Le résultat moyen est 318 sur 382

Statistiques - réponses

Réponse% Correct
a
98%
à
98%
Le
98%
de
96%
De
96%
Je
96%
je
96%
Les
96%
les
96%
m'a
96%
ma
96%
Mais
96%
mais
96%
ne
96%
pas
96%
ça
95%
du
95%
J'ai
95%
j'ai
95%
me
95%
par
95%
ce
93%
jours
93%
Lui
93%
lui
93%
mal
93%
passé
93%
si
93%
toi
93%
tu
93%
Tu
93%
un
93%
vivre
93%
comme
91%
il
91%
Il
91%
la
91%
passent
91%
qui
91%
tien
91%
mes
89%
que
89%
tant
89%
te
89%
chaque
88%
compté
88%
compte
88%
différent
88%
es
88%
fait
88%
même
88%
minute
88%
88%
tes
88%
Tout
88%
tout
88%
des
86%
et
86%
j'étais
86%
parfum
86%
prisonnière
86%
propre
86%
au
84%
n'a
84%
an
82%
autre
82%
fais
82%
pensées
82%
pour
82%
Pour
82%
qu'il
82%
Sors
82%
coeur
81%
retient
81%
sauvé
81%
ton
81%
aimé
79%
changé
79%
connait
79%
demande
79%
l'aime
79%
peux
79%
bientôt
77%
d'adresse
77%
numéro
77%
Pire
77%
sais
77%
dit
75%
en
75%
ivre
75%
n'y
75%
Souvent
75%
t'aime
75%
temps
75%
autres
74%
avec
74%
m'as
74%
moi
74%
nuit
74%
parfois
74%
rien
74%
ses
74%
tente
74%
tenté
74%
balancé
72%
défauts
72%
fautes
72%
goût
72%
heures
72%
laissé
72%
tous
72%
veux
72%
C'est
70%
consoler
70%
durant
70%
fête
70%
fou
70%
hais
70%
lettres
70%
mots
70%
ni
70%
semble
70%
aimes
68%
arrive
68%
dans
68%
plus
68%
ratures
68%
t'oublier
68%
vrai
68%
d'avoir
67%
force
67%
m'aime
67%
racheter
67%
semblant
67%
sent
67%
toutes
67%
trouvé
67%
gommer
65%
J'essaye
65%
odeur
65%
profond
65%
ramassé
65%
séché
65%
cassés
63%
garde
63%
larmes
63%
pots
63%
pourquoi
63%
Pourquoi
63%
vain
63%
bras
61%
parfait
61%
réglé
60%
soigner
60%
impostures
58%
impayés
56%
respire
56%
capitule
46%
Dis-moi
30%
seulement
26%
Car
25%
restes
23%
Reprend
21%
rêves
21%
l'aimer
19%
disparait
18%

Distribution des résultats

Percentile par nombre de réponses

% des personnes avec chaque résultat

Votre développement - résultats

Vous n’avez pas pris ce quiz